Normal view
MARC view
- M.Usman Iqbal
Entry Personal Name
001 - CONTROL NUMBER
- control field: 47842
003 - CONTROL NUMBER IDENTIFIER
- control field: NUST
005 - DATE AND TIME OF LATEST TRANSACTION
- control field: 20210314133921.0
008 - FIXED-LENGTH DATA ELEMENTS
- fixed length control field: 210314|| aca||aabn | a|a d
040 ## - CATALOGING SOURCE
- Original cataloging agency: NUST
- Transcribing agency: NUST
100 ## - HEADING--PERSONAL NAME
- Personal name: M.Usman Iqbal
670 ## - SOURCE DATA FOUND
- Source citation: Work cat.: (NUST): M.Usman Iqbal, Soil investigation & Foundation Design for Corps Head Quarter & Under Ground Command Post, 2000.
